[Event "Pan American-ch"]
[Site "Cartagena"]
[Date "2012.07.07"]
[Round "7"]
[White "Henao, Alvaro"]
[Black "Manuel Mestras, Nelson"]
[Result "1-0"]
[WhiteElo "1593"]
[BlackElo "1705"]
[PlyCount "47"]
[EventDate "2012.07.04"]
[EventType "swiss"]
[EventRounds "9"]
[EventCountry "COL"]
[SourceTitle "CBM 149 Extra"]
[Source "ChessBase"]
[SourceDate "2012.08.24"]
[SourceVersion "1"]
[SourceVersionDate "2012.08.24"]
[SourceQuality "1"]

1. e4 e5 2. Nf3 Nc6 3. Bc4 Nf6 4. Ng5 d5 5. exd5 Nxd5 6. Nxf7 Kxf7 7. Qf3+ Ke6 8. Nc3 Nce7 9. Qe4 c6 10. d4 Ng6 11. f4 Ke7 12. fxe5 Ke8 13. 0-0 Be6 14. Nxd5 Bxd5 15. Bxd5 cxd5 16. Qf5 Ne7 17. Qf7+ Kd7 18. c4 Qe8 19. Qf3 Kc6 20. Bg5 Qd7 21. Rac1 Kb6 22. Qb3+ Kc7 23. cxd5+ Kb8 24. e6 1-0